ओक्ताविओ पाज़ की कविताएॅं (Record no. 1022032)

MARC details
000 -LEADER
fixed length control field 00942nam a2200253Ia 4500
003 - CONTROL NUMBER IDENTIFIER
control field OSt
005 - DATE AND TIME OF LATEST TRANSACTION
control field 20221005111512.0
008 - FIXED-LENGTH DATA ELEMENTS--GENERAL INFORMATION
fixed length control field 221004b |||||||| |||| 00| 0 hin d
020 ## - INTERNATIONAL STANDARD BOOK NUMBER
International Standard Book Number 8126001119 (hbk)
037 ## - SOURCE OF ACQUISITION
Terms of availability Textual
040 ## - CATALOGING SOURCE
Original cataloging agency CRL
Transcribing agency CRL
Language of cataloging hin
041 ## - LANGUAGE CODE
Source of code hin
Language code of text/sound track or separate title hin
100 ## - MAIN ENTRY--PERSONAL NAME
Personal name शुक्ल, प्रयाग, अनु.
245 #0 - TITLE STATEMENT
Title ओक्ताविओ पाज़ की कविताएॅं
246 ## - VARYING FORM OF TITLE
Title proper/short title Oktāvio pāज़ kī kavitāeॅan
260 ## - PUBLICATION, DISTRIBUTION, ETC.
Place of publication, distribution, etc. नई दिल्ली
Name of publisher, distributor, etc. साहित्य अकादेमी भारत
Date of publication, distribution, etc. 1996
300 ## - PHYSICAL DESCRIPTION
Extent 156पृ0
Dimensions cm.
942 ## - ADDED ENTRY ELEMENTS (KOHA)
Classification part O123974,1N14x, 152N6
Koha item type Textual
Source of classification or shelving scheme
Holdings
Withdrawn status Lost status Damaged status Not for loan Home library Current library Date acquired Source of acquisition Cost, normal purchase price Total Checkouts Full call number Barcode Date last seen Cost, replacement price Price effective from Koha item type
        Central Library Central Library 2022-10-05 534, 19/03/2009, Vani Prakashan 550.00   O123974,1N14x 152N6 CL1399348 2022-10-05 550.00 2022-10-05 Textual
Copyright @ Delhi University Library System